| 000 | 00551nam a22001937a 4500 | ||
|---|---|---|---|
| 999 |
_c172696 _d172696 |
||
| 005 | 20200211122417.0 | ||
| 010 | _a365107 | ||
| 020 | _c8.00 | ||
| 035 | _a365107 | ||
| 037 | _bBPPD/Pub. | ||
| 082 | _a921 | ||
| 100 | _aابو محمد سیحر | ||
| 245 |
_aموطالعہ امیر / _cابو محمد سیحر |
||
| 246 |
_aMutailah Ameer (Urdu) / _bby Abu Mohammed Seher |
||
| 260 |
_aLucknow _bNeem Book Depot _c1961 ء |
||
| 270 |
_aLaposh Road _bLucknow |
||
| 300 |
_a512p. _c18cm(Hb) |
||
| 942 |
_2ddc _cUR _h921 _mا ب و |
||